Dantak: (Record no. 1181)
[ view plain ]
| 000 -LEADER | |
|---|---|
| fixed length control field | 00727cam a2200205 4500 |
| 001 - CONTROL NUMBER | |
| control field | 1583 |
| 005 - DATE AND TIME OF LATEST TRANSACTION | |
| control field | 20181127163540.0 |
| 008 - FIXED-LENGTH DATA ELEMENTS--GENERAL INFORMATION | |
| fixed length control field | 060622s2005 ii a f000 0 eng |
| 043 ## - GEOGRAPHIC AREA CODE | |
| Geographic area code | a-ii--- |
| -- | a-bt--- |
| 100 1# - MAIN ENTRY--PERSONAL NAME | |
| Personal name | Malhotra, Varun. |
| 245 10 - TITLE STATEMENT | |
| Title | Dantak: |
| Remainder of title | the pioneer / |
| Statement of responsibility, etc. | Lt. Col. Varun Malhotra. |
| 260 ## - PUBLICATION, DISTRIBUTION, ETC. | |
| Place of publication, distribution, etc. | [Thimphu] : |
| Name of publisher, distributor, etc. | Project Dantak, Bhutan, |
| Date of publication, distribution, etc. | 2011. |
| 300 ## - PHYSICAL DESCRIPTION | |
| Extent | 131 p. : |
| Other physical details | chiefly col. ill. ; |
| Dimensions | 22 x 30 cm. |
| 650 ## - SUBJECT ADDED ENTRY--TOPICAL TERM | |
| Topical term or geographic name entry element | Economic development projects --Bhutan. |
| Form subdivision | |
| General subdivision | |
| Chronological subdivision | |
| Geographic subdivision | |
| Source of heading or term | |
| 651 ## - SUBJECT ADDED ENTRY--GEOGRAPHIC NAME | |
| Geographic name | Bhutan --Social conditions. |
| Form subdivision | |
| General subdivision | |
| Chronological subdivision | |
| Geographic subdivision | |
| Source of heading or term | |
| Geographic name | Bhutan |
| General subdivision | Relations |
| Geographic subdivision | India |
| Form subdivision | Pictorial works. |
| Geographic name | Bhutan |
| General subdivision | Relations |
| Geographic subdivision | India. |
| Geographic name | India |
| General subdivision | Relations |
| Geographic subdivision | Bhutan |
| Form subdivision | Pictorial works. |
| Geographic name | India |
| General subdivision | Relations |
| Geographic subdivision | Bhutan. |
| Withdrawn status | Lost status | Source of classification or shelving scheme | Damaged status | Not for loan | Collection code | Home library | Current library | Shelving location | Serial Enumeration / chronology | Inventory number | Total Checkouts | Full call number | Barcode | Date last seen | Copy number | Price effective from | Koha item type |
|---|---|---|---|---|---|---|---|---|---|---|---|---|---|---|---|---|---|
| Dewey Decimal Classification | Reference | RTC Library | RTC Library | Reference | 4416 | 954.98 MAL | 30001904 | 27/11/2018 | 1 | 27/11/2018 | Reference | ||||||
| Dewey Decimal Classification | Main TEST | RTC Library | RTC Library | Main opac | 4417 | 954.98 MAL | 30001297 | 27/11/2018 | 2 | 27/11/2018 | Main |